5HLuxD.jpg

KING HENRY VIII SENIOR AND PRIMARY SCHOOL LIBRARY OPAC

China / (Record no. 695)

000 -LEADER
fixed length control field 01486cam a2200337 i 4500
001 - CONTROL NUMBER
control field 19389529
003 - CONTROL NUMBER IDENTIFIER
control field OSt
005 - DATE AND TIME OF LATEST TRANSACTION
control field 20191119095613.0
008 - FIXED-LENGTH DATA ELEMENTS--GENERAL INFORMATION
fixed length control field 161129t20182018mnuab j b 001 0 eng
010 ## - LIBRARY OF CONGRESS CONTROL NUMBER
LC control number 2016053598
020 ## - INTERNATIONAL STANDARD BOOK NUMBER
International Standard Book Number 9781626176782 (hardcover : alkaline paper)
040 ## - CATALOGING SOURCE
Original cataloging agency DLC
Language of cataloging eng
Transcribing agency DLC
Description conventions rda
Modifying agency DLC
042 ## - AUTHENTICATION CODE
Authentication code pcc
043 ## - GEOGRAPHIC AREA CODE
Geographic area code a-cc---
082 00 - DEWEY DECIMAL CLASSIFICATION NUMBER
Classification number 951 OAC
Edition number 23
100 1# - MAIN ENTRY--PERSONAL NAME
Personal name Oachs, Emily Rose,
Relator term author.
245 10 - TITLE STATEMENT
Title China /
Statement of responsibility, etc. by Emily Rose Oachs.
264 #1 - PRODUCTION, PUBLICATION, DISTRIBUTION, MANUFACTURE, AND COPYRIGHT NOTICE
Place of production, publication, distribution, manufacture Minneapolis, MN :
Name of producer, publisher, distributor, manufacturer Bellwether Media
Date of production, publication, distribution, manufacture, or copyright notice 2018.
300 ## - PHYSICAL DESCRIPTION
Extent 32 pages :
Other physical details color illustrations, color maps ;
Dimensions 24 cm.
336 ## - CONTENT TYPE
Content type term text
Content type code txt
Source rdacontent
337 ## - MEDIA TYPE
Media type term unmediated
Media type code n
Source rdamedia
338 ## - CARRIER TYPE
Carrier type term volume
Carrier type code nc
Source rdacarrier
490 0# - SERIES STATEMENT
Series statement Blastoff! discovery: Country profiles
504 ## - BIBLIOGRAPHY, ETC. NOTE
Bibliography, etc. note Includes bibliographical references and index.
505 0# - FORMATTED CONTENTS NOTE
Formatted contents note The Great Wall of China -- Location -- Landscape and climate -- Wildlife -- People -- Community life -- Customs -- School and work -- Play -- Food -- Celebrations -- Timeline -- Fast facts -- Glossary.
520 2# - SUMMARY, ETC.
Summary, etc. "Engaging images accompany information about China. The combination of high-interest subject matter and narrative text is intended for students in grades 3 through 8"--
Assigning source Provided by publisher.
651 #0 - SUBJECT ADDED ENTRY--GEOGRAPHIC NAME
Geographic name China
Form subdivision Juvenile literature.
906 ## - LOCAL DATA ELEMENT F, LDF (RLIN)
a 7
b cbc
c orignew
d 1
e ecip
f 20
g y-gencatlg
942 ## - ADDED ENTRY ELEMENTS (KOHA)
Source of classification or shelving scheme
Koha item type Books - Non Ficton
Holdings
Withdrawn status Lost status Source of classification or shelving scheme Damaged status Not for loan Collection code Permanent Location Current Location Shelving location Date acquired Full call number Barcode Date last seen Price effective from Koha item type
          Non-Fiction KH8 Primary School Library KH8 Primary School Library Non Fiction 2019-11-19 951 OAC 3KHPL000002514 2025-12-05 2019-11-19 Books - Non Ficton

Powered By KH8 IT Dept